LEADER 01478nam a2200277 i 4500 001 000000166695 003 CaOOAMICUS 005 20071116000000.0 008 071116s1933 it u000 u ita u 013 $a144064 040 $aSeMil$bita 100 1 $aPetroncelli, Mario <1906-1986>.$0(OLS)http://semarc/name/23143 245 13$aLa provvista dell'Ufficio ecclesiastico nei recenti diritti concordatari /$cMario Petroncelli. 260 $aMilano :$bVita e Pensiero,$c1933. 300 $aVII, 191 p. ;$c26 cm. 490 0 $aPubblicazioni della Università Cattolica del Sacro Cuore ;$v. 490 0 $aPubblicazioni della Università Cattolica del Sacro Cuore. Ser. 2., Scienze giuridiche ;$vVol.39. 650 4$aUfficio ecclesiastico - Diritto concordatario.$0(OLS)http://semarc/subject/31742 650 4$aConcordati - Diritto ecclesiastico.$0(OLS)http://semarc/subject/31743 830 0$aPubblicazioni della Università Cattolica del Sacro Cuore ;$v.$0(OLS)http://semarc/title/22052 830 0$aPubblicazioni della Università Cattolica del Sacro Cuore. Ser. 2., Scienze giuridiche ;$vVol.39.$0(OLS)http://semarc/title/22053 850 $aSeMil 852 $aSeMil$W1$xVenegono$y1$m3L VI 77$j117857$B117857$CSeMilBibl$Z2$F128839 $81 961 $aRecupero: Altro 996 $6245$aLa provvista dell'Ufficio ecclesiastico nei recenti diritti concordatari$9(OLS)http://semarc/title/238267 996 $6260$aMilano :$bVita e Pensiero$9(OLS)http://semarc/publisher/29642 LEADER 01216nam a2200229 i 4500 001 000000237627 003 CaOOAMICUS 005 20150107000000.0 008 150107n it s u000 u ita u 013 $a216532 040 $aSeMil$bita 245 12$aL'Albero degli Zoccoli /$cun film scritto e diretto da Ermanno Olmi ; musiche di Johann Sebastian Bach eseguite all'organo da Fernando Germani. 260 $aPrato :$bProduzione General Video Recording,$c[2001] 300 $a1 DVD video (179 min) ;$cin custodia, 19 cm. 500 $aLingue: italiano, bergamasco; sottotitoli: italiano. - Contenuti extra: intervento di Ermanno Olmi. - Palma d'oro per il miglior film Festival di Cannes 1978. COLLOCAZIONE : UFFICIO. 700 1 $aOlmi, Ermanno,$d<1931-2018>.$0(OLS)http://semarc/name/92583 700 1 $aGermani, Fernando.$0(OLS)http://semarc/name/40997 700 1 $aBach, Johann Sebastian <1685-1750>.$0(OLS)http://semarc/name/92760 850 $aSeMil 852 $aSeMil$W1$xVenegono$y1$m2 DVD$j187973$B187973$CSeMilBibl$Z2$F198897 $85 996 $6245$aL'Albero degli Zoccoli$9(OLS)http://semarc/title/338698 996 $6260$aPrato :$bProduzione General Video Recording$9(OLS)http://semarc/publisher/54300